00321nam a2200133Ia 4500008004100000041000800041082001600049100001700065245001300082250001400095260003300109300003400142365001100176240624s9999 xx 000 0 und d aeng a005.133 HOR aHORSTMAN CAY aBIG JAVA a(2nd ed.) c2006aNew DelhibWiley India axxxii, : 1216 : p. : cm. ; 23 cRSb30